00458nam a2200157Ia 4500003000900000008004100009040001600050080001700066100001900083245010100102260004000203300001300243650001100256650001800267650001500285IN-BaIIA211028s9999 xx 000 0 eng d cIIA Library a519.253bBEE aBeers, Yardley 0aIntroduction to the theory of errorcYardley Beers  aMassachusettsbAddison-Wesleyc1953 avi, 65p. aErrors aErrors theory aStatistics